Les 12 mois de l'année en 30 secondes - Statistiques

Statistiques générales
  • Ce quiz a été pris 6 710 fois
  • Le résultat moyen est 10 sur 12
Statistiques - réponses
Réponse % Correct
Janvier
98%
Février
94%
Mars
94%
Avril
93%
Juin
92%
Mai
92%
Juillet
89%
Août
86%
Septembre
81%
Octobre
78%
Novembre
72%
Décembre
66%
Aucun quiz correspondant
Distribution des résultats
% des personnes avec chaque résultat
Percentile par nombre de réponses
Votre historique - résultats
Vous n’avez pas pris ce quiz